[Event "Werther Schloss op 27th"]
[Site "Werther"]
[Date "2024.03.24"]
[Round "6"]
[White "Gallasch, Jonas"]
[Black "Phatak, Aanjaneya"]
[Result "1/2-1/2"]
[WhiteElo "2291"]
[BlackElo "2040"]
[PlyCount "120"]
[EventDate "2024.03.21"]
[EventType "swiss"]
[EventRounds "7"]
[EventCountry "GER"]
[SourceTitle "CB13_2024"]
[SourceDate "2024.03.27"]
[SourceVersion "1"]
[SourceVersionDate "2024.03.27"]
[SourceQuality "1"]

1. d4 Nf6 2. c4 g6 3. g3 Bg7 4. Bg2 0-0 5. Nc3 d6 6. Nf3 c5 7. d5 e6 8. 0-0 Re8 9. Nd2 Na6 10. dxe6 fxe6 11. Nde4 Nxe4 12. Nxe4 d5 13. cxd5 exd5 14. Bg5 Qd7 15. Nf6+ Bxf6 16. Bxf6 Nc7 17. b4 b6 18. bxc5 bxc5 19. Rc1 Qd6 20. Bb2 Ba6 21. Re1 Rad8 22. e3 Ne6 23. Qa4 Bc4 24. Red1 Qb6 25. Qa3 Qb4 26. Qxb4 cxb4 27. Bf6 Rc8 28. Bxd5 Bxd5 29. Rxc8 Rxc8 30. Rxd5 Rc1+ 31. Kg2 Rc2 32. Ra5 Nc5 33. Bd4 Ne4 34. Kf3 Nxf2 35. h4 Nd3 36. Rxa7 Rf2+ 37. Ke4 Nc1 38. Rg7+ Kf8 39. Rxh7 Rxa2 40. Rc7 Nb3 41. Be5 Nd2+ 42. Kd5 b3 43. Rb7 Ra5+ 44. Ke6 Ra6+ 45. Bd6+ Kg8 46. Ke7 Rxd6 47. Kxd6 b2 48. e4 b1Q 49. Rxb1 Nxb1 50. e5 Nc3 51. e6 Kf8 52. e7+ Ke8 53. Ke6 Ne4 54. g4 Nf2 55. h5 gxh5 56. gxh5 Ng4 57. Kf5 Kxe7 58. Kxg4 Kf7 59. h6 Kg6 60. h7 Kxh7 1/2-1/2

[Event "GER-chT U20"]
[Site "Magdeburg"]
[Date "2023.12.27"]
[Round "1.2"]
[White "Gallasch, Jonas"]
[Black "Boissel, Kasimir"]
[Result "1-0"]
[WhiteElo "2304"]
[BlackElo "1819"]
[PlyCount "177"]
[EventDate "2023.12.26"]
[EventType "team-swiss"]
[EventRounds "7"]
[EventCountry "GER"]
[SourceTitle "CB03_2024"]
[SourceDate "2024.01.17"]
[SourceVersion "1"]
[SourceVersionDate "2024.01.17"]
[SourceQuality "1"]
[WhiteTeam "Porz SG"]
[BlackTeam "Koenigsjaeger Sued West"]
[WhiteTeamCountry "GER"]
[BlackTeamCountry "GER"]

1. d4 d5 2. c4 e6 3. Nf3 c6 4. e3 Nf6 5. b3 Nbd7 6. Bd3 Be7 7. 0-0 0-0 8. Bb2 b6 9. Nc3 Bb7 10. Qe2 Rc8 11. Rac1 dxc4 12. Bxc4 c5 13. Rfd1 Qc7 14. dxc5 Nxc5 15. Nb5 Qb8 16. Be5 Qa8 17. Nc7 Bxf3 18. gxf3 Qb7 19. b4 Rxc7 20. Bxc7 Qxc7 21. bxc5 Bxc5 22. f4 Qc6 23. Qf1 a5 24. Qg2 Qa4 25. Bb3 Qb4 26. Qc6 Ng4 27. Qa4 Qxa4 28. Bxa4 Nxe3 29. fxe3 Bxe3+ 30. Kf1 Bxc1 31. Rxc1 g6 32. Ke2 Kg7 33. Rc6 Rb8 34. Bb5 Kf6 35. Ke3 h6 36. Ke4 g5 37. f5 g4 38. fxe6 fxe6 39. Kf4 Rd8 40. Bc4 Rd4+ 41. Ke3 Rd1 42. Rxb6 Kg5 43. Bxe6 Rh1 44. Rb2 h5 45. Bd5 Re1+ 46. Kf2 Rc1 47. Bb3 Kh4 48. Kg2 Re1 49. Rc2 Re5 50. Rd2 Re4 51. Bf7 Re7 52. Bc4 Re4 53. Bb5 Re5 54. a4 Rc5 55. Bd7 Re5 56. h3 Rc5 57. hxg4 hxg4 58. Rd4 Rc2+ 59. Kf1 Kg3 60. Bxg4 Rb2 61. Be2 Rb1+ 62. Rd1 Rb4 63. Bb5 Rb2 64. Rd8 Kf3 65. Ke1 Ke3 66. Kd1 Rh2 67. Ra8 Kd4 68. Rxa5 Kc5 69. Ra8 Kb6 70. Rd8 Kc7 71. Rd2 Rh3 72. Kc2 Kb6 73. Rd3 Rh2+ 74. Kb3 Rh6 75. Kb4 Rh4+ 76. Bc4 Rh7 77. Rd6+ Kc7 78. Rf6 Rh5 79. Bb5 Kb7 80. Rf7+ Kb8 81. Ka5 Rh6 82. Re7 Rf6 83. Bc4 Rf4 84. Kb5 Rf5+ 85. Kb6 Rf8 86. Bb5 Rf6+ 87. Bc6 Rf8 88. Ra7 Rf1 89. Ra8# 1-0

[Event "GER-chT Lands U20"]
[Site "Hannover"]
[Date "2023.10.02"]
[Round "3"]
[White "Gallasch, Jonas"]
[Black "Heinrich, John"]
[Result "1/2-1/2"]
[WhiteElo "2269"]
[BlackElo "2204"]
[PlyCount "48"]
[EventDate "2023.10.01"]
[EventType "team-swiss"]
[EventRounds "7"]
[EventCountry "GER"]
[SourceTitle "EXT 2024"]
[Source "ChessBase"]
[SourceDate "2023.10.10"]
[SourceVersion "1"]
[SourceVersionDate "2023.10.10"]
[SourceQuality "1"]

1. d4 Nf6 2. c4 g6 3. f3 d5 4. cxd5 Nxd5 5. e4 Nb6 6. Nc3 Bg7 7. Be3 0-0 8. Qd2 Nc6 9. 0-0-0 Qd6 10. Nb5 Qd7 11. Kb1 Rd8 12. d5 Ne5 13. Qc2 e6 14. Nxc7 Nbc4 15. Bxc4 Qxc7 16. Bb3 Qxc2+ 17. Kxc2 exd5 18. Bxd5 Be6 19. Ne2 Bxd5 20. Rxd5 Nc4 21. Bc1 Rxd5 22. exd5 Rd8 23. Rd1 Nb6 24. d6 Be5 1/2-1/2

[Event "GER-chT Lands U20"]
[Site "Hannover"]
[Date "2023.10.01"]
[Round "2"]
[White "Bosselmann, Tom Linus"]
[Black "Gallasch, Jonas"]
[Result "0-1"]
[WhiteElo "2141"]
[BlackElo "2269"]
[PlyCount "150"]
[EventDate "2023.10.01"]
[EventType "team-swiss"]
[EventRounds "7"]
[EventCountry "GER"]
[SourceTitle "EXT 2024"]
[Source "ChessBase"]
[SourceDate "2023.10.10"]
[SourceVersion "1"]
[SourceVersionDate "2023.10.10"]
[SourceQuality "1"]

1. e4 c6 2. Nc3 d5 3. Nf3 dxe4 4. Nxe4 Nf6 5. Qe2 Nxe4 6. Qxe4 Qa5 7. b4 Qf5 8. Bd3 Qxe4+ 9. Bxe4 Nd7 10. d4 a5 11. bxa5 Rxa5 12. Bd2 Ra4 13. Bd3 e6 14. Ke2 Be7 15. c3 0-0 16. Ne5 Nxe5 17. dxe5 Bd7 18. Rhb1 b5 19. Be3 Rfa8 20. Rb2 Ra3 21. Rc2 R3a4 22. Rd2 Be8 23. Rb2 f6 24. Bd4 c5 25. Be3 R8a5 26. exf6 Bxf6 27. Rc2 c4 28. Be4 Ra3 29. Kd2 b4 30. cxb4 R5a4 31. Rb1 Bb5 32. Bc5 Rxa2 33. Rxa2 Rxa2+ 34. Ke3 Bg5+ 35. Kd4 Re2 36. Bd6 c3 37. Ra1 Bf6+ 38. Kc5 Rxe4 39. Kxb5 c2 40. Ra8+ Kf7 41. Rf8+ Kg6 42. Rc8 Rd4 43. Bg3 Rd2 44. Bf4 Rxf2 45. Bc1 Bd4 46. Rc6 Kf5 47. Kc4 e5 48. Kd3 Rxg2 49. b5 Rg6 50. Rxg6 Kxg6 51. Kxc2 Kf5 52. Kd3 Bb6 53. Be3 e4+ 54. Ke2 Bc7 55. h3 Bb8 56. b6 g5 57. Bc5 h5 58. Be7 Bf4 59. Bd8 Ke6 60. h4 g4 61. b7 Kf5 62. Bb6 Bb8 63. Kf2 Ke5 64. Ke3 Kf5 65. Bc5 g3 66. Bb6 Bf4+ 67. Ke2 Kg4 68. Ba7 Kxh4 69. b8Q Bxb8 70. Bxb8 Kg4 71. Kf1 Kf3 72. Bc7 h4 73. Kg1 h3 74. Bb6 e3 75. Bc5 e2 0-1

[Event "Titled Tuesday intern op 26th Sep Late"]
[Site "Chess.com INT"]
[Date "2023.09.26"]
[Round "2"]
[White "Gallasch, Jonas"]
[Black "Benyahia, Safine"]
[Result "1-0"]
[WhiteElo "2269"]
[BlackElo "1670"]
[PlyCount "23"]
[EventDate "2023.09.26"]
[EventType "swiss (blitz)"]
[EventRounds "11"]
[EventCountry "USA"]
[SourceTitle "EXT 2024"]
[Source "ChessBase"]
[SourceDate "2023.10.10"]
[SourceVersion "1"]
[SourceVersionDate "2023.10.10"]
[SourceQuality "1"]

1. e4 c5 2. Nf3 Nc6 3. Bb5 d6 4. 0-0 g6 5. d4 cxd4 6. Qxd4 e5 7. Qd3 a6 8. Ba4 Qc7 9. Nc3 b5 10. Nd5 Qd8 11. Bb3 Nge7 12. Nf6# 1-0

[Event "Dortmund Sparkassen op 50th"]
[Site "Dortmund"]
[Date "2023.06.29"]
[Round "6"]
[White "Gallasch, Jonas"]
[Black "Pranav, Anand"]
[Result "0-1"]
[WhiteElo "2303"]
[BlackElo "2510"]
[PlyCount "77"]
[EventDate "2023.06.24"]
[EventType "swiss"]
[EventRounds "9"]
[EventCountry "GER"]
[SourceTitle "CBM 215 Extra"]
[Source "ChessBase"]
[SourceDate "2023.09.30"]
[SourceVersion "1"]
[SourceVersionDate "2023.09.30"]
[SourceQuality "1"]

1. d4 Nf6 2. c4 g6 3. Nf3 Bg7 4. g3 0-0 5. Bg2 c5 6. 0-0 cxd4 7. Nxd4 Nc6 8. Nc3 Qa5 9. e3 d6 10. Nxc6 bxc6 11. Bxc6 Rb8 12. Bg2 Bg4 13. Qd2 Rfc8 14. b3 h5 15. Bb2 Nd7 16. h3 Be6 17. Rfd1 Ne5 18. Nd5 Qd8 19. Bd4 Bxh3 20. Bxe5 Bxg2 21. Bxg7 Bxd5 22. Qxd5 Kxg7 23. Qd4+ e5 24. Qxd6 Qg5 25. Qd5 h4 26. Qf3 Rb6 27. Qg2 Rh8 28. gxh4 Qxh4 29. Kf1 e4 30. Ke2 Qh5+ 31. Kd2 Rd6+ 32. Ke1 Re6 33. Qg3 Qa5+ 34. Ke2 Qc3 35. Rac1 Qb2+ 36. Kf1 Rf6 37. Kg1 Rh5 38. c5 Rff5 39. c6 0-1

[Event "Titled Tuesday intern op 06th Jun Late"]
[Site "Chess.com INT"]
[Date "2023.06.06"]
[Round "8"]
[White "Gallasch, Jonas"]
[Black "Simonovic, Miroslav"]
[Result "1-0"]
[WhiteElo "2303"]
[BlackElo "2082"]
[PlyCount "101"]
[EventDate "2023.06.06"]
[EventType "swiss (blitz)"]
[EventRounds "11"]
[EventCountry "USA"]
[SourceTitle "EXT 2024"]
[Source "ChessBase"]
[SourceDate "2023.10.10"]
[SourceVersion "1"]
[SourceVersionDate "2023.10.10"]
[SourceQuality "1"]

1. Nf3 c5 2. g3 Nc6 3. Bg2 g6 4. 0-0 Bg7 5. c4 e5 6. Nc3 Nge7 7. Ne1 0-0 8. Nc2 d6 9. Ne3 h6 10. d3 Be6 11. Ned5 f5 12. Rb1 a5 13. a3 Kh7 14. Bd2 g5 15. f4 gxf4 16. gxf4 Ng6 17. Kh1 Nxf4 18. Nxf4 exf4 19. Bxf4 Be5 20. Qd2 Qf6 21. Nd5 Bxd5 22. Bxd5 Rac8 23. e4 Ne7 24. Bxe5 Qxe5 25. Qxa5 Nxd5 26. exd5 f4 27. Qc3 Rce8 28. Qxe5 Rxe5 29. Rbe1 Rxe1 30. Rxe1 Rf6 31. Kg2 Kg6 32. Re6 Rxe6 33. dxe6 Kf6 34. Kf3 Kxe6 35. Kxf4 d5 36. h3 dxc4 37. dxc4 b6 38. b4 cxb4 39. axb4 Kf6 40. c5 bxc5 41. bxc5 Ke6 42. Ke4 h5 43. h4 Kd7 44. Kf5 Kc6 45. Kg5 Kxc5 46. Kxh5 Kd6 47. Kg6 Ke7 48. Kg7 Ke6 49. h5 Kf5 50. h6 Kg5 51. h7 1-0

[Event "Titled Tuesday intern op 06th Jun Late"]
[Site "Chess.com INT"]
[Date "2023.06.06"]
[Round "11"]
[White "Gallasch, Jonas"]
[Black "Streltsov, Alexey"]
[Result "0-1"]
[WhiteElo "2303"]
[BlackElo "2338"]
[PlyCount "20"]
[EventDate "2023.06.06"]
[EventType "swiss (blitz)"]
[EventRounds "11"]
[EventCountry "USA"]
[SourceTitle "EXT 2024"]
[Source "ChessBase"]
[SourceDate "2023.10.10"]
[SourceVersion "1"]
[SourceVersionDate "2023.10.10"]
[SourceQuality "1"]

1. c4 e6 2. g3 d5 3. Bg2 c6 4. Nf3 Nf6 5. 0-0 Nbd7 6. d4 dxc4 7. Nfd2 Nb6 8. e3 c5 9. Nxc4 cxd4 10. Qa4+ Nxa4 0-1

[Event "Titled Tuesday intern op 06th Jun Late"]
[Site "Chess.com INT"]
[Date "2023.06.06"]
[Round "4"]
[White "Kleiman, Jake"]
[Black "Gallasch, Jonas"]
[Result "1-0"]
[WhiteElo "2399"]
[BlackElo "2303"]
[PlyCount "153"]
[EventDate "2023.06.06"]
[EventType "swiss (blitz)"]
[EventRounds "11"]
[EventCountry "USA"]
[SourceTitle "EXT 2024"]
[Source "ChessBase"]
[SourceDate "2023.10.10"]
[SourceVersion "1"]
[SourceVersionDate "2023.10.10"]
[SourceQuality "1"]

1. e4 c6 2. Nc3 d5 3. Nf3 dxe4 4. Nxe4 Nf6 5. Qe2 Nxe4 6. Qxe4 Be6 7. c4 Nd7 8. d4 Nf6 9. Qc2 Bg4 10. Be3 Bxf3 11. gxf3 e6 12. 0-0-0 Qa5 13. Kb1 Be7 14. Rg1 g6 15. h3 0-0-0 16. Rg5 Qc7 17. Qa4 b6 18. Rg1 c5 19. Be2 Kb8 20. Rd2 cxd4 21. Bxd4 e5 22. Bc3 Rxd2 23. Bxd2 Bc5 24. Rd1 Rd8 25. Bg5 Rxd1+ 26. Qxd1 Nd7 27. Qd5 f6 28. Bc1 Qd6 29. Qg8+ Nf8 30. Qf7 Qe7 31. Qd5 Qe6 32. Qd8+ Kb7 33. Bd3 f5 34. Be3 Nd7 35. Qh8 Bxe3 36. fxe3 Qe7 37. a3 Nc5 38. Bc2 a5 39. Kc1 a4 40. Kd2 Qd7+ 41. Ke2 e4 42. f4 Qe7 43. Qd4 Qh4 44. Qd5+ Kc7 45. Qe5+ Kc8 46. Qe8+ Kb7 47. Qf7+ Ka6 48. Qc7 Qh5+ 49. Kd2 Qxh3 50. Qc8+ Ka7 51. Qc7+ Nb7 52. Bxa4 Qg2+ 53. Kc1 Qg1+ 54. Kc2 Qf2+ 55. Kb1 Qf1+ 56. Ka2 Qd3 57. Bb5 Qd6 58. Qxh7 Qc5 59. Qxg6 Qxe3 60. Qxf5 Qd4 61. Qe5 Qxe5 62. fxe5 Nc5 63. Kb1 e3 64. Kc2 e2 65. Kd2 Nd3 66. Kxe2 Nxe5 67. Ke3 Nf7 68. Kd4 Nd6 69. Kd5 Nb7 70. b4 Kb8 71. Kc6 Nd8+ 72. Kxb6 Ne6 73. c5 Nd4 74. a4 Ne6 75. Bc4 Nd4 76. c6 Nc2 77. c7+ 1-0

[Event "Titled Tuesday intern op 06th Jun Late"]
[Site "Chess.com INT"]
[Date "2023.06.06"]
[Round "10"]
[White "Mortazavi, Ali"]
[Black "Gallasch, Jonas"]
[Result "1-0"]
[WhiteElo "2333"]
[BlackElo "2303"]
[PlyCount "93"]
[EventDate "2023.06.06"]
[EventType "swiss (blitz)"]
[EventRounds "11"]
[EventCountry "USA"]
[SourceTitle "EXT 2024"]
[Source "ChessBase"]
[SourceDate "2023.10.10"]
[SourceVersion "1"]
[SourceVersionDate "2023.10.10"]
[SourceQuality "1"]

1. Nf3 c5 2. g3 Nc6 3. Bg2 g6 4. 0-0 Bg7 5. d3 Nf6 6. e4 0-0 7. c3 d6 8. h3 Rb8 9. a4 a6 10. Nbd2 b5 11. axb5 axb5 12. d4 Nd7 13. Re1 cxd4 14. cxd4 Nxd4 15. Nxd4 Bxd4 16. Nb3 Bg7 17. Na5 Ne5 18. Kh2 Bd7 19. Bg5 Nc4 20. Nb3 Nxb2 21. Qe2 Be6 22. Na5 Bd7 23. e5 Bxe5 24. f4 Bg7 25. Bxe7 Qb6 26. Bxf8 Rxf8 27. Ra2 Na4 28. Nb7 Nc3 29. Qc2 Nxa2 30. Qxa2 Be6 31. Rxe6 fxe6 32. Qxe6+ Kh8 33. Nxd6 Qc7 34. Nxb5 Qf7 35. Qe3 Re8 36. Qd3 Qe7 37. Nd6 Rf8 38. h4 Qe6 39. Ne4 h6 40. Bh3 Qb6 41. h5 Rd8 42. Qc2 gxh5 43. Bg2 Qb2 44. Qc7 Rg8 45. Nd6 Qf6 46. Nf7+ Kh7 47. Be4+ 1-0

[Event "Titled Tuesday intern op 06th Jun Late"]
[Site "Chess.com INT"]
[Date "2023.06.06"]
[Round "2"]
[White "Rosen, Eric S"]
[Black "Gallasch, Jonas"]
[Result "0-1"]
[WhiteElo "2349"]
[BlackElo "2303"]
[PlyCount "62"]
[EventDate "2023.06.06"]
[EventType "swiss (blitz)"]
[EventRounds "11"]
[EventCountry "USA"]
[SourceTitle "EXT 2024"]
[Source "ChessBase"]
[SourceDate "2023.10.10"]
[SourceVersion "1"]
[SourceVersionDate "2023.10.10"]
[SourceQuality "1"]

1. d4 Nf6 2. Bf4 g6 3. Nc3 d5 4. e3 Bg7 5. h4 c6 6. Nf3 Bg4 7. Qd2 Nbd7 8. Ne5 Nxe5 9. Bxe5 Ne4 10. Nxe4 Bxe5 11. dxe5 dxe4 12. Qb4 Qd5 13. Qc3 0-0-0 14. Be2 Bxe2 15. Kxe2 Qb5+ 16. Ke1 Rd5 17. e6 f6 18. a4 Qb6 19. Rd1 Rhd8 20. Rxd5 Rxd5 21. b3 Qc7 22. Ke2 Qd6 23. g3 Qxe6 24. Qe1 Qg4+ 25. Kf1 Rd1 26. Kg2 Qf3+ 27. Kh2 Rxe1 28. Rxe1 Qxf2+ 29. Kh3 Qxe1 30. a5 h5 31. a6 Qh1# 0-1

[Event "GER-ch U18"]
[Site "Willingen"]
[Date "2023.06.03"]
[Round "9"]
[White "Bilovil, Bogdan"]
[Black "Gallasch, Jonas"]
[Result "1-0"]
[WhiteElo "2348"]
[BlackElo "2296"]
[PlyCount "59"]
[EventDate "2023.05.28"]
[EventType "swiss"]
[EventRounds "9"]
[EventCountry "GER"]
[SourceTitle "CBM 214 Extra"]
[Source "ChessBase"]
[SourceDate "2023.07.31"]
[SourceVersion "1"]
[SourceVersionDate "2023.07.31"]
[SourceQuality "1"]

1. e4 g6 2. d4 Bg7 3. Nc3 c6 4. Nf3 d5 5. h3 dxe4 6. Nxe4 Nd7 7. Bd3 Ngf6 8. Nxf6+ Nxf6 9. 0-0 0-0 10. Re1 Qc7 11. Qe2 c5 12. Qxe7 Qxe7 13. Rxe7 Nd5 14. Re2 cxd4 15. Bd2 b6 16. a3 Bb7 17. Rd1 Rfe8 18. Rde1 Rxe2 19. Rxe2 Rc8 20. Ng5 h6 21. Ne4 Rd8 22. h4 f5 23. Ng3 h5 24. Bg5 Rc8 25. Re1 a6 26. Re6 Kf7 27. Rd6 Ba8 28. Nxf5 Be5 29. Nh6+ Kg7 30. Rxg6+ 1-0

[Event "Titled Tuesday intern op 16th May Late"]
[Site "Chess.com INT"]
[Date "2023.05.16"]
[Round "11"]
[White "Gallasch, Jonas"]
[Black "Spitzl, Vinzent"]
[Result "0-1"]
[WhiteElo "2296"]
[BlackElo "2365"]
[PlyCount "140"]
[EventDate "2023.05.16"]
[EventType "swiss (blitz)"]
[EventRounds "11"]
[EventCountry "USA"]
[SourceTitle "CBM 214 Extra"]
[Source "ChessBase"]
[SourceDate "2023.07.31"]
[SourceVersion "1"]
[SourceVersionDate "2023.07.31"]
[SourceQuality "1"]

1. c4 e6 2. Nc3 d5 3. cxd5 exd5 4. d4 Nf6 5. Bg5 Bb4 6. e3 h6 7. Bh4 0-0 8. Bd3 Nbd7 9. Nge2 Re8 10. Qc2 c6 11. 0-0 Nf8 12. Rab1 Be7 13. b4 a6 14. f3 Bd6 15. Bf2 Qe7 16. a3 a5 17. Qb3 axb4 18. axb4 b5 19. Rfe1 Qc7 20. Ng3 h5 21. e4 h4 22. Nf1 dxe4 23. Nxe4 Nxe4 24. fxe4 h3 25. e5 hxg2 26. Ng3 Be7 27. Kxg2 Be6 28. Qc2 Ra2 29. Rb2 Rea8 30. Be4 Rxb2 31. Qxb2 Ra2 32. Qc3 Bc4 33. Bd3 Bd5+ 34. Be4 Bc4 35. Bd3 Bxd3 36. Qxd3 Ne6 37. Qe4 Qd7 38. Kg1 Ng5 39. e6 Qxe6 40. Qxe6 fxe6 41. Re2 Rxe2 42. Nxe2 Bxb4 43. Kg2 Kf7 44. Be3 Ne4 45. Kf3 Nf6 46. Nf4 Bd6 47. Nd3 Nd5 48. Bg1 Nb4 49. Nf2 Na6 50. Ne4 Be7 51. Be3 Nb4 52. Bc1 Nd5 53. Bb2 Nf6 54. Nf2 Bd6 55. h3 Ke7 56. Nd3 Kd7 57. Bc3 Kc7 58. Bd2 Nd5 59. Ke4 Kb6 60. Be1 b4 61. Nc1 Kb5 62. Kd3 Ka4 63. Kc4 Ne3+ 64. Kd3 Nd5 65. Kc4 Nb6+ 66. Kd3 b3 67. Bc3 Nd5 68. Bb2 Ba3 69. Bxa3 Kxa3 70. Nxb3 Kxb3 0-1

[Event "Titled Tuesday intern op 16th May Late"]
[Site "Chess.com INT"]
[Date "2023.05.16"]
[Round "5"]
[White "Sivakumar, Shaaketh"]
[Black "Gallasch, Jonas"]
[Result "0-1"]
[WhiteElo "2337"]
[BlackElo "2296"]
[PlyCount "158"]
[EventDate "2023.05.16"]
[EventType "swiss (blitz)"]
[EventRounds "11"]
[EventCountry "USA"]
[SourceTitle "CBM 214 Extra"]
[Source "ChessBase"]
[SourceDate "2023.07.31"]
[SourceVersion "1"]
[SourceVersionDate "2023.07.31"]
[SourceQuality "1"]

1. e4 c6 2. d4 d5 3. e5 Bf5 4. h4 h5 5. Bd3 Bxd3 6. Qxd3 e6 7. Nf3 Qa5+ 8. c3 Qa6 9. Qxa6 Nxa6 10. 0-0 Ne7 11. Be3 Nf5 12. Bf4 Be7 13. Nbd2 c5 14. g3 0-0 15. Kg2 Rfc8 16. a3 cxd4 17. Nxd4 Nxd4 18. cxd4 Rc2 19. b4 Rac8 20. Nb3 b6 21. Rac1 Rxc1 22. Rxc1 Rxc1 23. Bxc1 Nc7 24. f3 Nb5 25. Bb2 a6 26. a4 Na7 27. Bc3 Nc6 28. b5 axb5 29. axb5 Na7 30. Kf2 Nxb5 31. Bb2 Bb4 32. Ke3 Na7 33. g4 hxg4 34. fxg4 Nc6 35. h5 Na5 36. Nxa5 bxa5 37. Kd3 a4 38. Bc3 Be7 39. Bd2 Kh7 40. g5 f6 41. g6+ Kg8 42. Bf4 f5 43. Kc3 Kf8 44. Be3 Ke8 45. Bf4 Bf8 46. Be3 Kd7 47. Bg5 Kc6 48. Bf6 f4 49. Be7 f3 50. Kd3 Bxe7 51. h6 a3 52. hxg7 f2 53. Ke2 a2 54. g8Q f1Q+ 55. Kxf1 a1Q+ 56. Kg2 Qb2+ 57. Kf3 Qc3+ 58. Kg2 Qd2+ 59. Kf3 Qd3+ 60. Kg2 Qe4+ 61. Kh3 Qh4+ 62. Kg2 Qg4+ 63. Kh2 Qf4+ 64. Kh3 Qf3+ 65. Kh2 Qf2+ 66. Kh3 Qe3+ 67. Kg2 Qe2+ 68. Kh1 Qd1+ 69. Kh2 Bg5 70. Qxe6+ Kb5 71. Qxd5+ Kb4 72. Qc5+ Kb3 73. Qb5+ Kc3 74. Qc5+ Kd3 75. Qb5+ Ke3 76. Kh3 Qf3+ 77. Kh2 Bf4+ 78. Kg1 Qf2+ 79. Kh1 Qh2# 0-1

[Event "Titled Tuesday intern op 18th Apr Late"]
[Site "Chess.com INT"]
[Date "2023.04.18"]
[Round "7"]
[White "Gallasch, Jonas"]
[Black "Sarkar, Justin"]
[Result "0-1"]
[WhiteElo "2301"]
[BlackElo "2341"]
[PlyCount "74"]
[EventDate "2023.04.18"]
[EventType "swiss (blitz)"]
[EventRounds "11"]
[EventCountry "USA"]
[SourceTitle "EXT 2024"]
[Source "ChessBase"]
[SourceDate "2023.10.10"]
[SourceVersion "1"]
[SourceVersionDate "2023.10.10"]
[SourceQuality "1"]

1. d4 Nf6 2. c4 e6 3. Nf3 d5 4. Nc3 Nbd7 5. cxd5 exd5 6. Bg5 h6 7. Bh4 c6 8. e3 Bd6 9. Bd3 0-0 10. Qc2 Re8 11. 0-0 Nf8 12. Rab1 Bg4 13. Nd2 Bh5 14. b4 Bg6 15. b5 Bxd3 16. Qxd3 Ng6 17. Bg3 Bxg3 18. hxg3 Qd6 19. bxc6 bxc6 20. Na4 h5 21. Rfc1 h4 22. gxh4 Ng4 23. Nf3 Nxh4 24. Qd1 Nxf3+ 25. Qxf3 Qh2+ 26. Kf1 Nf6 27. Qh3 Qxh3 28. gxh3 Ne4 29. Ke2 Rab8 30. Rxb8 Rxb8 31. Rxc6 Rb4 32. Ra6 Rxa4 33. Rxa4 Nc3+ 34. Kd3 Nxa4 35. Kc2 Nb6 36. Kb3 a5 37. f3 f5 0-1